Sports Quiz

Random Sports or Hockey Quiz

NHL Starting Goalies Quiz Stats

 Plays Quiz Updated Nov 23, 2018

Also try: NHL Goalie Goals
Challenge
Share
Tweet
Embed
Score 0/150 Timer 10:00
0 Plays Today
% Correct
Tuukka Rask
90.9%
Tuukka Rask
90.2%
Tuukka Rask
90.2%
Carey Price
90.1%
Carey Price
89.9%
Tuukka Rask
89.5%
Jonathan Quick
88.7%
Jonathan Quick
88.7%
Jonathan Quick
88.3%
Corey Crawford
87.6%
Corey Crawford
87.6%
Mike Smith
87.5%
Marc-Andre Fleury
87.1%
Pekka Rinne
87%
Mike Smith
86.6%
Roberto Luongo
86.6%
Pekka Rinne
86.3%
Pekka Rinne
86.3%
Ryan Miller
86%
Craig Anderson
85.9%
Craig Anderson
85.9%
Braden Holtby
85.5%
Craig Anderson
85.2%
Braden Holtby
84.9%
Braden Holtby
84.9%
Henrik Lundqvist
84.7%
Henrik Lundqvist
84.5%
Henrik Lundqvist
84.5%
John Gibson
83.3%
Cam Ward
83.3%
Cam Ward
83.3%
Roberto Luongo
83.2%
Cam Ward
83.1%
Jimmy Howard
82.7%
Ben Bishop
82.2%
Sergei Bobrovsky
82%
Matt Murray
82%
Ben Bishop
82%
Braden Holtby
81.6%
Matt Murray
80.7%
Jimmy Howard
80.7%
Ryan Miller
80.7%
Ryan Miller
80.7%
John Gibson
80.5%
Sergei Bobrovsky
80.4%
Sergei Bobrovsky
80.4%
Antti Niemi
80.3%
Devan Dubnyk
78.2%
Jonas Hiller
77.9%
Frederik Andersen
77.7%
% Correct
Cam Talbot
77.5%
Devan Dubnyk
77.2%
Devan Dubnyk
77.2%
Cam Talbot
77.1%
Cam Talbot
77.1%
Martin Jones
77.1%
Craig Anderson
76.4%
Martin Jones
76%
Martin Jones
76%
Tim Thomas
75.9%
Cory Schneider
75.6%
Cory Schneider
75.6%
Cory Schneider
75.5%
Corey Crawford
73.9%
Frederik Andersen
73.5%
Frederik Andersen
73.5%
Semyon Varlamov
72.9%
Jaroslav Halak
72.4%
Jake Allen
72.2%
Ben Bishop
72.2%
Semyon Varlamov
72.1%
Steve Mason
71.9%
Steve Mason
71.9%
Sergei Bobrovsky
71.6%
Carey Price
70.8%
Antti Niemi
70.6%
Jake Allen
70.3%
Jake Allen
70.3%
Jaroslav Halak
70.1%
Robin Lehner
68.7%
Kari Lehtonen
68.4%
Devan Dubnyk
68.4%
Jonathan Quick
67.9%
Petr Mrazek
67.6%
Petr Mrazek
67.6%
Kari Lehtonen
67.4%
Robin Lehner
67.2%
Marc-Andre Fleury
66.9%
Ondrej Pavelec
66%
Connor Hellebuyck
64.1%
Anton Khudobin
64%
Brian Elliott
63.9%
Karri Ramo
63.6%
Brian Elliott
62.8%
Jonathan Bernier
62.6%
Carter Hutton
60.8%
Andrei Vasilevskiy
60.4%
Mike Smith
59.5%
Josh Harding
59.4%
Antti Raanta
59.1%
% Correct
James Reimer
58.4%
Cory Schneider
57.1%
Roberto Luongo
56.2%
Jacob Markstrom
55.9%
Thomas Greiss
55.1%
Thomas Greiss
55.1%
Ondrej Pavelec
55%
Semyon Varlamov
50.9%
Connor Hellebuyck
50.1%
Marc-Andre Fleury
48.9%
Jonathan Quick
48.6%
Tuukka Rask
48.6%
Ryan Miller
48.3%
Cory Schneider
48%
Cam Ward
47.7%
Henrik Lundqvist
47.4%
Andrei Vasilevskiy
47%
Jimmy Howard
45.6%
Frederik Andersen
44.1%
Carey Price
44%
Pekka Rinne
43.6%
Mike Smith
42.5%
Sergei Bobrovsky
42.3%
Chad Johnson
41.5%
Semyon Varlamov
40.3%
Antti Niemi
40.2%
Calvin Pickard
39.8%
Jonas Hiller
39.4%
Mike Condon
39.1%
Brian Elliott
39%
Jhonas Enroth
38.8%
Braden Holtby
38.5%
Steve Mason
38.1%
Jonathan Bernier
37.6%
Evgeni Nabokov
37.5%
Roberto Luongo
37.4%
Kari Lehtonen
37%
Henrik Lundqvist
35.8%
Steve Mason
35.6%
Jaroslav Halak
34.5%
Corey Crawford
32.8%
Darcy Kuemper
31.7%
Craig Anderson
31.5%
Anton Forsberg
31.5%
Louis Domingue
31%
Karri Ramo
30.1%
Jonathan Bernier
24.6%
Ondrej Pavelec
22.8%
Ben Bishop
22.2%
Ben Scrivens
10.8%

You're not logged in!

Compare scores with friends on all Sporcle quizzes.
OR
Log In

You Might Also Like...

Show Comments

Extras

Top Quizzes Today


Score Distribution

Your Account Isn't Verified!

In order to create a playlist on Sporcle, you need to verify the email address you used during registration. Go to your Sporcle Settings to finish the process.

Report this User

Report this user for behavior that violates our Community Guidelines.

Details: